| 000 | 00587nam a2200241Ia 4500 | ||
|---|---|---|---|
| 003 | OSt | ||
| 005 | 20221005115517.0 | ||
| 006 | a|||||r|||| 00| 0 | ||
| 007 | ta | ||
| 008 | 221004b |||||||| |||| 00| 0 tam d | ||
| 024 | _a49902 | ||
| 037 | _cTextual | ||
| 040 |
_aCRL _cCRL _btam |
||
| 041 |
_2tam _atam |
||
| 082 | _aO31,3N281x, K6 | ||
| 100 |
_aRghavan Au. _9627648 |
||
| 245 | 0 | _aChemman | |
| 260 | _c1966 | ||
| 650 | _a TAMIL LITERATURE | ||
| 650 | _aTAMIL FICTION | ||
| 942 |
_hO31,3N281x, K6 _cTEXL _2cc |
||
| 999 |
_c1035053 _d1035053 |
||